| 000 | 00356nam a22001457a 4500 | ||
|---|---|---|---|
| 003 | SGT | ||
| 020 | _a978-93-87963-72-6 | ||
| 082 |
_a610.73677 _bB18S |
||
| 100 | _aSHARMA, SURESH K. | ||
| 245 | _aBRUNNER & SUDDARTH'S TB. OF MEDICAL SURGICAL NURSING | ||
| 260 |
_aINDIA _bWOLTERS KLUWER _c2018 |
||
| 300 | _a1104 | ||
| 650 | _aMSN | ||
| 942 |
_2ddc _cBK _03 |
||
| 999 |
_c16461 _d16461 |
||